000 01477cam a2200409 i 4500
001 on1063706194
003 OCoLC
005 20260109025859.0
008 180503r20182014enka j 000 1 eng d
015 _aGBB8C5307
_2bnb
016 7 _a018933367
_2Uk
020 _a9781782263739
_q(paperback)
020 _a178226373X
040 _aUKMGB
_beng
_erda
_cUKMGB
_dOCLCF
_dOCLCQ
_dTLC
_erda
041 1 _aeng
_hita
100 1 _aStilton, Geronimo
_eauthor.
_0(DLC)no2013042861.
240 1 0 _aGara dei supercuochi.
_lEnglish.
_0(local)tlcaut1321229266143000.
245 1 4 _aThe super chef contest /
_cGeronimo Stilton.
264 1 _aLeicester :
_bSweet Cherry Publishing,
_c2018.
300 _a103 pages :
_billustrations (black and white) ;
_c20 cm.
336 _atext
_btxt
_2rdacontent.
337 _aunmediated
_bn
_2rdamedia.
338 _avolume
_bnc
_2rdacarrier.
380 _aBook
_2tlcgt.
380 _aFiction
_2marcgt.
385 _aJuvenile
_2tlctarget.
490 0 _aGeronimo Stilton.
500 _aTranslated from the Italian.
500 _aThis translation originally published: New York: Scholastic, 2014.
500 _aTV tie-in.
600 1 0 _aStilton, Geronimo
_vJuvenile fiction.
_0(DLC)no2013042861.
600 1 7 _aStilton, Geronimo.
_2local
_0(OCoLC)fst01737156
_0(local)tlcaut1306530124281800.
655 0 _aChildren's stories.
655 7 _aFiction.
_0(OCoLC)fst01423787
_2lcgft.
655 7 _aJuvenile works.
_0(OCoLC)fst01411637
_2tlcgt.
942 _cBK
999 _c31411
_d31409